000 00867nam a2200253Ia 4500
003 OSt
005 20220923213031.0
006 a|||||r|||| 00| 0
007 ta
008 220922b |||||||| |||| 00| 0 hin d
024 _a158,476
037 _cTextual
040 _aARTS
_cARTS
_bhin
041 _2hin
_ahin
082 _aO152,1(/\25):g, K88
100 _aदूबे, लालता प्रसाद
245 0 _aहिन्दी भक्त वार्ता साहित्य
246 _aHindī bhakta vārtā sāhitya
260 _aदेहरादून
_b साहित्य सदन
_c1968
300 _a395पृ.
_ccm.
650 _aहिन्दी साहित्य
_9156264
942 _hO152,1(/\25):g, K88
_cTEXL
_2CC
999 _c313275
_d313275